|
|
|
|
| LEADER |
00000nab a2200000 a 4500 |
| 001 |
vtls000416347 |
| 003 |
SK-MaSNL |
| 005 |
20260302234816.0 |
| 008 |
120925c1989 xo 0 slo |
| 015 |
|
|
|a SNBRA19rr/mm-uuuuu
|
| 035 |
|
|
|a CL0416472
|
| 040 |
|
|
|a SNKBUCL
|b slo
|c SNKBUCL
|e AACR2
|
| 041 |
0 |
|
|a slo
|
| 044 |
|
|
|a xo
|c SK
|
| 080 |
|
|
|a 662.75
|2 1981
|
| 080 |
|
|
|a 665.7
|2 1981
|
| 100 |
1 |
|
|a Dostálíková, Viera
|4 aut
|9 805022
|
| 245 |
1 |
0 |
|a Kvapalné palivá a ich kvalitatívne parametre
|c Viera Dostálíková ; Viera Dostáliková
|
| 300 |
|
|
|b Tb. 4., lit. 2 zázn. v slov.
|
| 650 |
0 |
7 |
|a kvapalné palivá
|2 snkbucl
|9 51206
|
| 655 |
|
7 |
|a články zo zborníkov
|2 snkbucl
|9 166140
|
| 700 |
1 |
|
|a Dostáliková, Viera
|4 aut
|9 805022
|
| 773 |
0 |
|
|t Tribotechnik
|d Žilina : Dom techniky ČSVTS, 1989
|g S. 88-108
|
| 850 |
|
|
|a Slovenská národná knižnica v Martine
|a MTA001
|
| 852 |
|
|
|a SNK
|b KIS3GCP
|
| 958 |
|
|
|a RK
|
| 992 |
|
|
|a RZB
|
| 999 |
|
|
|c 1552016
|d 1553946
|